A Vision realised : the transformation of a national oil corporation.
| Main Author: | |
|---|---|
| Format: | Book |
| Published: |
Kuala Lumpur:
Orillia Corporation,
2001.
|
| Subjects: |
| LEADER | 00535cam a2200169 7i4500 | ||
|---|---|---|---|
| 001 | 0000026652 | ||
| 005 | 20110728090000.0 | ||
| 020 | 0 | 0 | |a 983406425X |
| 090 | 0 | 0 | |a M 665.5 |b BOW |
| 100 | 1 | 0 | |a Bowie |
| 245 | 1 | 2 | |a A Vision realised : |b the transformation of a national oil corporation. |
| 260 | 0 | 0 | |a Kuala Lumpur: |b Orillia Corporation, |c 2001. |
| 300 | # | # | |a 425 p. |
| 650 | 0 | 0 | |a Petroleum industry and trade -- |z Malaysia |
| 650 | 0 | 0 | |a Oil industries -- |z Malaysia |
| 651 | 0 | 0 | |a Malaysia |
| 999 | |a 0000028734 |b Book |c Malaysia |e Business Information Centre | ||


